Shabda tira: bidi barahagalu (Record no. 142870)
[ view plain ]
| 000 -LEADER | |
|---|---|
| fixed length control field | 00563nam a2200193Ia 4500 |
| 003 - CONTROL NUMBER IDENTIFIER | |
| control field | OSt |
| 005 - DATE AND TIME OF LATEST TRANSACTION | |
| control field | 20240315112428.0 |
| 008 - FIXED-LENGTH DATA ELEMENTS--GENERAL INFORMATION | |
| fixed length control field | 210210b2009 xxu||||| |||| 00| 0 eng d |
| 040 ## - CATALOGING SOURCE | |
| Transcribing agency | AL |
| 041 ## - LANGUAGE CODE | |
| Language code of text/sound track or separate title | Kannada |
| 082 ## - DEWEY DECIMAL CLASSIFICATION NUMBER | |
| Classification number | K894.4 JAYS |
| 100 ## - MAIN ENTRY--PERSONAL NAME | |
| Personal name | JAYANT KAIKINI |
| Dates associated with a name | ಜಯಂತ್ ಕಾಯ್ಕಿಣಿ. |
| 9 (RLIN) | 154445 |
| 245 ## - TITLE STATEMENT | |
| Title | Shabda tira: bidi barahagalu |
| Remainder of title | ಶಬ್ದ ತೀರ : ಬಿಡಿ ಬರಹಗಳು |
| 260 ## - PUBLICATION, DISTRIBUTION, ETC. | |
| Place of publication, distribution, etc. | Bengaluru |
| Name of publisher, distributor, etc. | Ankita Pustaka |
| Date of publication, distribution, etc. | 2009 |
| 300 ## - PHYSICAL DESCRIPTION | |
| Extent | 230 |
| 690 ## - LOCAL SUBJECT ADDED ENTRY--TOPICAL TERM (OCLC, RLIN) | |
| Topical term or geographic name as entry element | Kannada Prose |
| 9 (RLIN) | 154450 |
| 906 ## - LOCAL DATA ELEMENT F, LDF (RLIN) | |
| a | 065187 |
| 942 ## - ADDED ENTRY ELEMENTS (KOHA) | |
| Source of classification or shelving scheme | Dewey Decimal Classification |
| Koha item type | Book |
| Withdrawn status | Lost status | Damaged status | Not for loan | Collection code | Home library | Current library | Shelving location | Date acquired | Source of acquisition | Cost, normal purchase price | Total Checkouts | Full call number | Barcode | Date last seen | Price effective from | Koha item type |
|---|---|---|---|---|---|---|---|---|---|---|---|---|---|---|---|---|
| St Aloysius Library | St Aloysius Library | 02/17/2021 | Navakarnataka Publication Pvt Ltd., Mangalore. | 120.00 | K894.4 JAYS | 061814 | 02/17/2021 | 02/17/2021 | Book | |||||||
| St Aloysius Library | St Aloysius Library | 02/17/2021 | Ankita Pustaka, Bangalore-560004 | 120.00 | K894.4 JAYS | 065187 | 02/17/2021 | 02/17/2021 | Book |